| 000 | 00706nam a22002417a 4500 | ||
|---|---|---|---|
| 008 | 131110b xxu||||| |||| 00| 0 eng d | ||
| 020 | _a81-7024-585-0 | ||
| 024 | _cAvaialable | ||
| 037 | _cAvaialable | ||
| 040 |
_aMBSTU LIBRARY _dMBSTU LIBRARY |
||
| 082 |
_222 _a364 GHT |
||
| 100 | _aGhosh, S.K. | ||
| 245 | _aTorture and rape in police custody. | ||
| 260 |
_aNew Delhi _bAshish Publishing House. _c1993 |
||
| 300 |
_a24 cm. _b152 page _f1 _g24 cm. |
||
| 600 | _2Criminology. | ||
| 650 | _2Criminology. | ||
| 700 | _aGhosh, S.K. | ||
| 270 |
_aNew Delhi _bNew Delhi _dIndia |
||
| 365 |
_b240.00 _d240.00 |
||
| 942 |
_2ddc _cBK |
||
| 999 |
_c808 _d808 |
||